Experimental foods laboratory manual

Αποθηκεύτηκε σε:
Λεπτομέρειες βιβλιογραφικής εγγραφής
Κύριος συγγραφέας: McWilliams, Margaret
Μορφή: Βιβλίο
Γλώσσα:English
Δημοσίευση: Upper Saddle River, New Jersey : Pearson/Prentice Hall, c2008
Έκδοση:7th ed.
Θέματα:
Ετικέτες: Προσθήκη ετικέτας
Δεν υπάρχουν, Καταχωρήστε ετικέτα πρώτοι!

MARC

LEADER 00000nam a2200000 i 4500
001 1/11982
008 110215s2008 eng d
020 |a 978-0-13-235328-1 (pbk) 
020 |a 0-13-235328-8 (pbk) 
035 |l 10109617 
040 |a GR-MY-UA  |b gre  |e aacr 
041 0 |a eng 
082 0 |a 641.5  |2 (22) 
100 1 |a McWilliams, Margaret. 
245 1 0 |a Experimental foods laboratory manual /  |c Margaret McWilliams 
250 |a 7th ed. 
260 |a Upper Saddle River, New Jersey :   |b Pearson/Prentice Hall,   |c c2008 
300 |a xii, 405 σ. ;  |b πίν.;  |c 28 εκ. 
650 0 0 |a Cookery. 
852 |a INST  |b LEMNOS  |e 20110215  |h 641.5 McW  |p 005600000534  |q 005600000534  |t BK  |y 0 
901 |a BIBL6-2011-1 
909 |a Μ  |b 166772 
922 |a 6ΕΛΗ  |b 201011  |c ΤΑΚ/ΤΕΤΔ  |d ΜΙΧΑΛΟΠΟΥΛΟΣ 
970 |a ΠΑΝΤΑΖΗ  |b ΑΝΤΩΝΙΑ  |z 2011/02/15